Práca s WordPerfectom

Gespeichert in:
Bibliographische Detailangaben
Format: Buch
Sprache:Slowakisch
Veröffentlicht: Bratislava SÚZ HZ SÚV SZM 1989
Ausgabe:1. vyd.
Tags: Tag hinzufügen
Keine Tags, Fügen Sie das erste Tag hinzu!

MARC

LEADER 00000nam a2200000 4500
001 c035396
005 20221215071206.5
041 0 |a slo 
044 |a SK 
245 1 0 |a Práca s WordPerfectom 
250 |a 1. vyd. 
264 1 |a Bratislava  |b SÚZ HZ SÚV SZM  |c 1989 
300 |a 447 s.  |e 5 príl.